Cognitive aspects of computer supported tasks

Αποθηκεύτηκε σε:
Λεπτομέρειες βιβλιογραφικής εγγραφής
Κύριος συγγραφέας: Waern, Yvonne
Μορφή: Βιβλίο
Γλώσσα:English
Δημοσίευση: Chichester [England] ; New York : Wiley, c1989
Θέματα:
Ετικέτες: Προσθήκη ετικέτας
Δεν υπάρχουν, Καταχωρήστε ετικέτα πρώτοι!

MARC

LEADER 00000cam a2200000 i 4500
001 1/35817
008 941103s1989 eng d
020 |a 0471930660 
035 |a 1991  |c ΔΑΡΖΕΝΤΑΣ  |l 10040076 
040 |a GR-MY-UA  |b gre  |e aacr 
041 0 |a eng 
082 0 |a 004.019 
100 1 |a Waern, Yvonne. 
245 1 0 |a Cognitive aspects of computer supported tasks /  |c Yvonne Waern 
260 |a Chichester [England] ; New York :   |b Wiley,   |c c1989 
300 |a xxii, 327 p.;  |b ill.;  |c 24 cm. 
500 |a Includes bibliographical references 
650 0 0 |a Human-computer interaction. 
650 0 0 |a Cognition. 
852 |a INST  |b SAMOS  |e 19941103  |h 004.019 WAE  |p 005300005923  |q 005300005923  |t BK  |y 0 
909 |a Σ  |b 021763